| 000 | 00508nam a2200157Ia 4500 | ||
|---|---|---|---|
| 008 | 140925s9999 xx 000 0 und d | ||
| 245 |
_aSports management international journal 'Choregia' / _h[electronic resource] |
||
| 260 |
_bSMIJC, _cc2014. |
||
| 516 | _aElectronic text | ||
| 650 | _aJournal. | ||
| 650 | _aManagement. | ||
| 650 | _aSports and Recreation. | ||
| 830 | _aSports Management International Journal 'Choregia' | ||
| 856 | _uhttp://www.choregia.org/index.php/issues-archive | ||
| 942 | _cEJ | ||
| 999 |
_c275854 _d275854 |
||